Mediatisation of nigerian elections : issues and perspectives for african democracy (Record no. 32468)

MARC details
000 -LEADER
fixed length control field 00636nam a2200181Ia 4500
020 ## - INTERNATIONAL STANDARD BOOK NUMBER
ISBN 9789780323295
050 ## - CALL MARK
Classification number P 95.82.N6 O26/
100 ## - STATEMENT OF RESPONSIBILITY--MAIN AUTHOR NAME
Personal name Godwin Ehiarekhian Oboh
245 #0 - TITLE STATEMENT
Title Mediatisation of nigerian elections : issues and perspectives for african democracy
260 ## - PUBLICATION, DISTRIBUTION, ETC. (IMPRINT)
Place of publication Ibadan, Oyo State
260 ## - PUBLICATION, DISTRIBUTION, ETC. (IMPRINT)
Name of publisher Stirling-Horden Publishers Ltd
260 ## - PUBLICATION, DISTRIBUTION, ETC. (IMPRINT)
Year of publication 2014
300 ## - PHYSICAL DESCRIPTION
Number of Pages 187 p
650 ## - SUBJECT ADDED ENTRY--TOPICAL TERM
Topical Term Mass media--Political aspects--Nigeria. Elections--Press coverage--Nigeria. Nigeria--Politics and government--21st century.
942 ## - ADDED ENTRY ELEMENTS (KOHA)
Koha item type Books
Holdings
Withdrawn status Lost status Source of classification or shelving scheme Damaged status Not for loan Permanent Location Current Location Shelving location Date acquired Accession Number Price effective from Koha item type
    Library of Congress Classification     NILE UNIVERSITY OF NIGERIA - MAIN LIBRARY NILE UNIVERSITY OF NIGERIA - MAIN LIBRARY Items on shelf 04/23/2025 0192208 04/23/2025 Books